Egyptian art

محفوظ في:

المؤلف الرئيسي: Prisse d'Avennes

مؤلفون آخرون: Olaf E. Kaper

التنسيق: كتاب

اللغة: Undetermined

منشور في: Cairo Zeitouna, Cairo, ©2001, 1991 2001, 1991

الموضوعات:

الوسوم: إضافة وسم

لا توجد وسوم, كن أول من يضع وسما على هذه التسجيلة!

رقم الطلب: (f) N5351 .P8213

LEADER 00894nam a2200205Ia 4500
008 221002s9999||||xx |||||||||||||| ||und||
020 |a 9775864070 
050 4 |a (f) N5351 .P8213 
100 1 |a Prisse d'Avennes 
245 1 0 |a Egyptian art 
264 1 |a Cairo  |b Zeitouna, Cairo, ©2001, 1991  |c 2001, 1991 
504 |a Contains plates only from: Histoire de l'art égyptien d'après les monuments depuis les temps les plus reculés jusqu'à la domination romaine "Originally published as: Atlas of Egyptian art ... (Cairo : Zeitouna, 1991)"--Title page verso 
505 0 |a Cross-reference with Porter & Moss p. ix 
650 4 |a  Art, Egyptian 
650 4 |a Antiquities 
650 4 |a Art égyptien Catalogues 
700 1 |a Olaf E. Kaper 
942 |2 lcc  |c BK 
952 |0 0  |1 0  |2 lcc  |4 0  |7 1  |9 43034  |a ARCE  |b ARCE  |d 2022-10-02  |l 0  |o (f) N5351 .P8213  |p 1033153  |r 2022-10-02 00:00:00  |w 2022-10-02  |y BK 
999 |c 49590  |d 49590